| 000 | 00580nam a2200181Ia 4500 | ||
|---|---|---|---|
| 003 | GCL | ||
| 008 | 140319s9999 xx 000 0 ara d | ||
| 040 |
_aGCL / _cGCL |
||
| 082 | 0 | 4 |
_a157.9 _bى ا |
| 100 | 1 | _aيحيى الرخاوى | |
| 245 | 1 | 0 |
_aاغوار النفس: من واقع العلاج النفسى والحياة / _cيحيى الرخاوى |
| 300 | _a495 ص | ||
| 490 |
_aالهيئة العامة للاستعلامات _v0 |
||
| 650 | 0 | 4 | _aالصحة النفسية |
| 650 | 0 | 4 | _aالعلاج النفسى |
| 650 | 0 | 4 | _aالطب النفسى |
| 942 |
_2ddc _cBK |
||
| 999 |
_c50909 _d50909 |
||